Powiaty w Polsce na literę N - Statystyki

Ogólne statystyki
  • Ten quiz został rozwiązany 62 razy
    61 od ostatniego zresetowania
  • Średni wynik to 9 z 12
Statystyki odpowiedzi
Odpowiedź % Poprawnych
nidzicki
87%
namysłowski
82%
nowotarski
82%
nowosądecki
80%
nakielski
76%
nowotomyski
73%
nowodworski
71%
Nyski
71%
nowosolski
69%
Nowy Sącz
64%
nowomiejski
62%
niżański
56%
Nie znaleziono quizów pasujących do podanych kryteriów
Rozkład punktacji
Procent ludzi z każdym wynikiem
Percentyl według liczby udzielonych odpowiedzi
Twoja historia wyników
Nie rozwiązałeś tego quizu od ostatniego zresetowania